000 00598nam a22002417a 4500
001 000199
003 DO-SdBNP
005 20160328124852.0
007 000199
008 151210b 1979 sp a 00| 0 spa d
020 _a8485529111
040 _aBPMSU
_bspa
_cBPMSU
092 _axxxx
_bxxxx
245 0 3 _aLa estampida del oro /
260 _aMadrid ;
_bESCO,
_c1979.
300 _a42 p.;
_bil.
_c30 cm.
490 1 _aGrandes aventuras
586 _aPremio Ministerio de Cultura J. Buigas
830 0 _aGrandes aventuras
910 _a00144
942 _2ddc
_cBK
956 _aYngrid Lockward
_b10
999 _c9359
_d9359